| 000 | 01192nam a2200313 i 4500 | ||
|---|---|---|---|
| 003 | EG-GICUC | ||
| 005 | 20260228115218.0 | ||
| 008 | 260203s1995 ua |||fr|||| 00| 0 ara d | ||
| 040 |
_a EG-GICUC _bara _c EG-GICUC _d EG-GICUC _erda |
||
| 041 | 0 | _aAra | |
| 082 | 0 | 4 |
_221 _a343.5 _bف ر . م |
| 092 | 0 | 4 | _221 |
| 099 | _aLaw1 10 343.5 ف ر . م 1995 | ||
| 100 | 0 |
_aفريد الزغبى _eمؤلف. |
|
| 245 | 1 | 2 |
_aالموسوعة الجزائية. _nالمجلد السابع، _pالحقوق الجزائية العامة القانون الجنائى الدولى / _bتأليف القاضى فريد الزغبى. |
| 250 | _aالطبعة الثالثة | ||
| 264 | 1 |
_aبيروت : _aلبنان : _bدار صادر، _c1995. |
|
| 300 |
_a428 ؛صفحة _c24 سم. |
||
| 336 |
_2rda content _atext |
||
| 337 |
_2rda media _aComputer |
||
| 338 |
_2rda carrier _aOnline Resource |
||
| 546 | _aالنص باللغة العربية | ||
| 650 | 1 |
_aالقانون الجنائى الدولى _2qrmak |
|
| 650 | 1 |
_aالقانون الجنائى _2qrmak |
|
| 651 | 1 | _2qrmak | |
| 856 | 4 | 0 | _uhttps://fll.law.cu.edu.eg/fulltext/bks/B10-08768.pdf |
| 905 | _a54 | ||
| 942 |
_2ddc _cBK _e21 _n0 |
||
| 999 |
_c60443 _d60443 |
||